Central Library OPAC University of Rajshahi

A short term planning model for India / (Record no. 45512)

MARC details
000 -LEADER
fixed length control field 00845nam a2200253 a 4500
001 - CONTROL NUMBER
control field 45512
003 - CONTROL NUMBER IDENTIFIER
rucl marc code BD-RjUL
005 - DATE AND TIME OF LATEST TRANSACTION
control field 20211209054027.0
008 - FIXED-LENGTH DATA ELEMENTS--GENERAL INFORMATION
fixed length control field 860101s1956 ne a b 000 0 eng d
035 ## - SYSTEM CONTROL NUMBER
System control number (BD-RjUL)45630
040 ## - CATALOGING SOURCE
Original cataloging agency DLC
Transcribing agency FQG
Modifying agency OCL
-- NRC
-- UKM
-- BD-RjUL
Language of cataloging eng
041 ## - LANGUAGE CODE
Language code of text/sound track or separate title eng
082 ## - DEWEY DECIMAL CLASSIFICATION NUMBER
Classification number 338.954
Author mark and year NAS 1956
100 1# - MAIN ENTRY--PERSONAL NAME
Personal name Narasimham, N. V. A.
Fuller form of name (Nuti Venkata Appala)
9 (RLIN) 139322
245 12 - TITLE STATEMENT
Title A short term planning model for India /
Statement of responsibility, etc. by N.V.A. Narasimham.
260 ## - PUBLICATION, DISTRIBUTION, ETC. (IMPRINT)
Place of publication, distribution, etc. Amsterdam :
Name of publisher, distributor, etc. North-Holland,
Date of publication, distribution, etc. 1956.
300 ## - PHYSICAL DESCRIPTION
Pagination xiii, 93 p. :
Illustrations ill. ;
Size 22 cm.
490 1# - SERIES STATEMENT
Series statement Contributions to economic analysis ;
Volume/sequential designation 12
504 ## - BIBLIOGRAPHY, ETC. NOTE
Bibliography, etc Includes bibliographical references.
651 #0 - SUBJECT ADDED ENTRY--GEOGRAPHIC NAME
Geographic name India
General subdivision Economic policy
Chronological subdivision 1956-1961.
9 (RLIN) 139323
830 #0 - SERIES ADDED ENTRY--UNIFORM TITLE
Uniform title Contributions to economic analysis ;
Volume number/sequential designation 12
942 ## - ADDED ENTRY ELEMENTS (KOHA)
Source of classification or shelving scheme Dewey Decimal Classification
Koha item type Books
Holdings
Lost status Source of classification or shelving scheme Damaged status Not for loan Collection code Permanent Location Current Location Shelving location Date acquired Source of acquisition Cost, normal purchase price Total Checkouts Full call number Date last seen Copy number Koha item type
  Dewey Decimal Classification     Non-fiction Central Library, University of Rajshahi Central Library, University of Rajshahi   20/03/1963 Zeitlinger 20.00   338.954 NAS 1956 26/07/2016 C-2 Books